02516 a2200253 45000010006000000050017000060080041000230030015000640400040000790800109001192450052002280200018002802500012002982640032003103000025003425051680003670410008020471000023020557000022020787000021021007000020021217000022021418560099021634700020260407155739.0260407a1999 arg spa dAR-UNSa-BCEJYS aAR-UNSa-BCEJYSbspacAR-UNSa-BCEJYS a339.9xEconomía internacional en general. Relaciones económicas internacionales. Economía mundial 10aEconomía internacionalpteoría y política a84-481-2481-2 a4a. ed. 1aMadrid :bMcGraw-Hillc1999 axxiv, 629 p.c20 cm. a1. Introducción - - Parte I : TEORÍA DEL COMERCIO INTERNACIONAL : 2. Productividad del trabajo y ventajas comparativa : el modelo ricardiano - 3. Factores específicos y distribución de la renta - 4. Dotación de recursos y comercio : el modelo heckscher-ohlin - 5. El modelo estándar de comercio - 6. Economías de escala, competencia imperfecta internacional - 7. Los movimientos internacionales de factores - - Parte II : POLÍTICA COMERCIAL INTERNACIONAL :8. Los instrumentos de la política comercial - 9. La economía política de la política comercial - 10. La política comercial en los países en vías de desarrollo - 11. Políticas comerciales estratégicas en los países avanzados -- Parte III : TIPOS DE CAMBIOS Y MACROECONOMÍA DE UNA ECONOMÍA ABIERTA : 12. La contabilidad nacional y la balanza de pagos - 13. Los tipos de cambio y el mercado de divisas : un enfoque de activos - 14. El dinero, los tipos de interés y los tipos de cambios - 15. El nivel de precio y el tipo de cambio a largo plazo - 16. El producto nacional y el tipo de cambio a corto plazo - 17. Los tipos de cambio fijos y la intervención en los mercados de divisas - - Parte IV : LA POLÍTICA MACROECONÓMICA INTERNACIONAL : 18. El sistema monetario internacional, 1870-1973 - 19. La política macroeconómica y la coordinación con tipos de cambios flotantes - 20. Áreas monetarias óptimas y la experiencia europea - 21. El mercado global de capitales : funcionamiento y problemas - 22. Los países en vía de desarrollo : deuda, estabilización y reforma - 23. Problemas económicos internacionales de los antiguos países comunistas.  aspa1 aTugores Ques, Juan1 aObstfeld, Maurice1 aKrugman, Paul R.1 aLladós, Josep1 aPaluzie, Elisenda41uhttps://www.biblioeco.unsa.edu.ar/pmb/images/libros/L127364.jpgyImagen de portadaqimage/jpeg